Poética & Cristianesimo
Wedi'i Gadw mewn:
| Prif Awdur: | |
|---|---|
| Fformat: | Llyfr |
| Iaith: | Undetermined |
| Cyhoeddwyd: |
Roma, Italia
Edizioni Università della Santa Croce
2004
|
| Pynciau: | |
| Tagiau: |
Ychwanegu Tag
Dim Tagiau, Byddwch y cyntaf i dagio'r cofnod hwn!
|
MARC
| LEADER | 00000nam a2200000Ia 4500 | ||
|---|---|---|---|
| 008 | 170316s9999 xx 000 0 und d | ||
| 999 | |c 8189 |d 8189 | ||
| 040 | |a cru BVZT | ||
| 090 | |a 850 P-11p | ||
| 100 | |a Pontificia Università della Santa Croce | ||
| 245 | |a Poética & Cristianesimo | ||
| 260 | |a Roma, Italia |b Edizioni Università della Santa Croce |c 2004 | ||
| 300 | |a 576 páginas | ||
| 650 | |a LITERATURA ITALIANA |9 212 | ||
| 650 | |a EN IDIOMA ITALIANO | ||
| 650 | |a POÉTICA |9 226 | ||
| 650 | |a CRISTIANISMO | ||
| 942 | |c 4 D |h 850 P-11p |2 z | ||
